|
|
|
|
| LEADER |
00647cam a2200193ua 4500 |
| 008 |
100616t2007||||||||||| 00 ||||| c |
| 082 |
|
|
|a 330.954
|b JOB
|
| 245 |
0 |
0 |
|a Job creation and poverty reduction in India: towards rapid and sustained growth /
|
| 260 |
|
|
|a New Delhi:
|b Sage,
|c 2007.
|
| 300 |
|
|
|a 350p..
|
| 362 |
1 |
|
|a 2007.
|
| 650 |
|
|
|a Job creation-India
|
| 650 |
0 |
|
|a Poverty-India
|
| 650 |
0 |
|
|a India-Economic policy
|
| 650 |
0 |
|
|a India-Economic conditions
|
| 700 |
0 |
2 |
|a Sadiq Ahmed,
|
| 942 |
|
|
|c BK
|
| 999 |
|
|
|c 22370
|d 22370
|
| 952 |
|
|
|0 0
|1 0
|4 0
|6 330_954000000000000_JO
|7 0
|9 23709
|a KUCL
|b KUCL
|d 2014-05-23
|l 0
|o 330.954 JO
|p 22829
|r 2014-05-23
|w 2014-05-23
|y BK
|